Cuentos de los reinos inquietos

Zapisane w:
Opis bibliograficzny
1. autor: Balcells, Jacqueline (Autor)
Format: Książka
Język:hiszpański
Wydane: Santiago Andrés Bello 1994
Seria:Gran Biblioteca Icarito
Hasła przedmiotowe:
Etykiety: Dodaj etykietę
Nie ma etykietki, Dołącz pierwszą etykiete!

MARC

LEADER 00000nam a2200000 a 4500
001 UCY2384
003 CL-VaPUC
008 941024e19940000CL |||||||||||||||||spa|d
082 0 4 |a Ch863  |b BAL  |2 21 
100 0 |a Balcells, Jacqueline  |e author  |9 330409 
245 1 0 |a Cuentos de los reinos inquietos 
300 |a 109 p 
942 |c BK 
945 |d 19941024 00:00:00  |a mfernand 
260 |a Santiago  |b Andrés Bello  |c 1994 
650 0 |a Cuentos infantiles chilenos   |9 308784 
583 |a last modification  |c 19941024 00:00:00  |k Rodrigo Vera 
490 0 |a Gran Biblioteca Icarito 
999 |c 230804  |d 230802 
952 |0 0  |1 0  |4 0  |6 CH_863_000000000000000_BAL_1994  |7 0  |8 A  |9 233337  |a BIBEDU  |b BIBEDU  |d 2019-11-15  |i 3029832  |o Ch863 BAL 1994  |p 3029832  |r 2019-11-15  |w 2019-11-15  |y BK  |k EDU